| 000 | 01397nam a2200349 i 4500 | ||
|---|---|---|---|
| 001 | 000002728 | ||
| 003 | DO-SdBNP | ||
| 005 | 20260305073950.0 | ||
| 007 | ta | ||
| 008 | 090701s1982 dr 000 0 spa d | ||
| 040 |
_aDO-SdBNP _bspa _cBNPHU _erda |
||
| 082 | 4 |
_a330.917293 _bF745g _222 |
|
| 110 | 2 |
_aFORUM _98563 |
|
| 245 | 1 | 4 |
_aLos grandes problemas nacionales / _ceditor Frank Moya Pons. |
| 264 |
_aSanto Domingo : _bFORUM, _c1982. |
||
| 300 |
_a126 páginas ; _c22 cm. |
||
| 336 |
_2rdacontent _atexto _btxt |
||
| 337 |
_2rdamedia _asin mediación _bn |
||
| 338 |
_2rdacarrier _avolumen _bnc |
||
| 490 | 1 |
_aForum _v5 |
|
| 505 | 0 |
_gPresentación -- _tIntroducción / _rRafael Herrera -- _tLímites y constreñimientos del desarrollo económico dominicano / _rCarlos Despradel -- _gDebate -- _tLos costos económicos del desarrollo social dominicano / _rRoberto Saladín -- _gDebate. |
|
| 590 | _aInventariado, 2018/ YL | ||
| 650 | 4 |
_aDesarrollo económico _zRepública Dominicana _98596 |
|
| 650 | 0 |
_aDesarrollo social _zRepública Dominicana _97783 |
|
| 651 | 4 |
_aRepública Dominicana _xCondiciones sociales _946 |
|
| 651 | 4 |
_aRepública Dominicana _xPolítica económica _9643 |
|
| 651 | 4 |
_aRepública Dominicana _xCondiciones económicas _9281 |
|
| 700 | 1 |
_aMoya Pons, Frank, _d1944- _eeditor _92095 |
|
| 830 | 0 |
_aForum _n5 _98597 |
|
| 910 | _aValidado. Control de calidad EMS | ||
| 942 |
_2ddc _cLBS1 |
||
| 999 |
_c2562 _d2562 |
||